000 00766nam a2200241Ia 4500
003 OSt
005 20220923215600.0
006 a|||||r|||| 00| 0
007 ta
008 220922b |||||||| |||| 00| 0 hin d
024 _a179,988
037 _cTextual
040 _aARTS
_cARTS
_bhin
041 _2hin
_ahin
082 _aO152,1J49:g, K4
100 _aसिन्हा, रणधीर
245 0 _aकविवर बिहारीलाल और उनका युग
246 _aKavivar bihārīlāl aur unakā yuga
260 _aकानपुर
_b अनुसन्धान
_c1964
300 _a316 पृ.
_ccm.
942 _hO152,1J49:g, K4
_cTEXL
_2CC
999 _c333369
_d333369